000 00876nam a2200277 i 4500
001 bg
245 0 0 _aSztuczki i tajemnice programowania gier /
_cAndre LaMothe [et al.] ; z ang. przeł. Paweł Grudniak.
246 _iTyt. oryg.:
_aTricks on the game programming gurus
260 _aWarszawa :
_bLT&P,
_c1996.
300 _aXVI, [1], 544 s. :
_brys., wykr. ;
_c24 cm +
_eCD-ROM.
500 _aOryg. : "Tricks on the game programming gurus" 1994.
504 _aIndeks.
650 9 _aGry komputerowe
_xprogramowanie
655 _aPodręczniki
700 1 _aGRUDNIAK, Paweł.
_eTł.
700 1 _aLaMOTHE, Andre.
020 _a8390123770
020 _a0672305070
040 _cBPK
041 1 _apl
_hen
080 _a793.7:681.322.06:519.68](07)
920 _a83-901237-7-0
920 _a0-672-30507-0
942 _cKS
008 s pl f |000 0 pol
999 _c25098
_d25098
856 _uhttp://koha.tu.koszalin.pl/cgi-bin/koha/opac-detail.pl?biblionumber=25098
_yKatalog online BPK